Les comtes et ducs du Maine - Statistiques

Statistiques générales
  • Ce quiz a été pris 15 fois
  • Le résultat moyen est 26 sur 50
Statistiques - réponses
Dynastie Règnes Comtes/Ducs % Correct
Carolingien II Louis
100%
Valois-Anjou 1351-1384 Ier Louis
100%
Valois-Anjou 1384-1417 II Louis
100%
Valois-Anjou 1417-1434 III Louis
100%
Bourbon 1771-1790 Louis
100%
Carolingien Cité en 838 II Charles
90%
Anjou-Sicile 1246-1285 Ier Charles
90%
Anjou-Sicile 1285-1290 II Charles
90%
Valois 1290-1314 III Charles
90%
Valois-Anjou 1434-1472 IV Charles
90%
Valois-Anjou 1472-1481 V Charles
90%
Plantagenêts 1151-1189 II Henri
90%
Plantagenêts 1169-1183 Henri
90%
Valois 1566-1574 Henri
90%
Plantagenêts 1199-1204 Ier Jean
90%
Capétiens 1219-1232 II Jean
90%
Courteheuse 1063-1069 Ier Robert
90%
Valois 1314-1328 Philippe
80%
Bourbon 1640-1701 Philippe
80%
Valois 1574-1584 François
70%
Hugonides Mort en 940 Ier Hugues
70%
Hugonides Mort en 992 II Hugues
70%
Hugonides 992-1015 III Hugues
70%
Hugonides 1035-1051 IV Hugues
70%
Este 1069-1093 V Hugues
70%
Plantagenêts 1189-1199 Ier Richard
60%
Plantagenêts 1109-1129 V Foulques
50%
Vannes Cité en 831 et 834 II Gui
30%
Bourbon 1673-1736 Louis-Auguste
30%
Robertiens Cité en 710 Roger
30%
Hugonides 886-893 Roger
30%
Hugonides 895-900 Roger
30%
Bourbon 1608-1660 Gaston
20%
Plantagenêts 1129-1151 V Geoffroy
20%
Plantagenêts 1156-1158 VI Geoffroy
20%
Hugonides 1015-1035 Ier Herbert
20%
Hugonides 1051-1062 II Herbert
20%
Anjou-Sicile 1290-1299 Marguerite
20%
Rorgonides Cité en 820, mort en 839 Ier Rorgon
20%
Rorgonides 851-865 II Rorgon
20%
Beaugency 1093-1110 Ier Élie
10%
Robertiens Cité en 748 Hervé
10%
Navarre 1204-1230 Bérengère
0%
Beaugency 1110-1126 Erembourg
0%
Vexin 1062-1063 Ier Gautier
0%
Rorgonides Mort en 851 Ier Gauzbert
0%
Rorgonides 851-853 II Gauzbert
0%
Rorgonides 865-878 Gauzfrid
0%
Rorgornides 893-895 II Gauzlin
0%
Rorgonides 878-885 Ragenold
0%
Aucun quiz correspondant
Distribution des résultats
% des personnes avec chaque résultat
Percentile par nombre de réponses
Votre historique - résultats
Vous n’avez pas pris ce quiz